000 00449nam a2200169Ia 4500
005 20250326124127.0
008 250326s9999 xx 000 0 und d
037 _aTextbook
040 _aFMSL
_beng
_cFMSL
041 _aeng
_2eng
084 _aX:51 K4
_qFMSL
245 0 _aNew products New profits
260 _aNY
_bNY, American Management Association
_c1964
300 _a303p
942 _cTB
_hX:51 K4
999 _c1272405
_d1272405